Управление в социально-экономически системах: оптимальность или нарратив?; Информационные технологии в науке, управлении, социальной сфере и медицине; Ч. 1

Detalles Bibliográficos
Parent link:Информационные технологии в науке, управлении, социальной сфере и медицине: сборник научных трудов IV Международной научной конференции, 5-8 декабря 2017 г., Томск/ Национальный исследовательский Томский политехнический университет (ТПУ).— , 2017
Ч. 1.— 2017.— [С. 435-438]
Outros autores: Шабалина О. А., Давтян А. Г., Садовникова Н. П., Парыгин Д. С.
Summary:Заглавие с титульного экрана
This paper considers essential properties of socio-economic systems determining the possible principles of such systems management. It is shown that optimization models for socio-economic systems management do not take consider qualitative changes in the system and its environment, though it can fundamentally change the very idea of optimality as a method of the system management. A different narrative-based principle of management is proposed, which allows to take into account the qualitative changes of the system ensuring its existence in the future.
Idioma:ruso
Publicado: 2017
Series:Информационные технологии в экономике и управлении
Subjects:
Acceso en liña:http://earchive.tpu.ru/handle/11683/46179
Formato: MixedMaterials Electrónico Capítulo de libro
KOHA link:https://koha.lib.tpu.ru/cgi-bin/koha/opac-detail.pl?biblionumber=626107

MARC

LEADER 00000naa2a2200000 4500
001 626107
005 20231101133408.0
035 |a (RuTPU)RU\TPU\conf\25403 
035 |a RU\TPU\conf\25400 
090 |a 626107 
100 |a 20180205d2017 k y0rusy50 ca 
101 0 |a rus  |d eng 
102 |a RU 
105 |a y z 101zy 
135 |a drcn ---uucaa 
181 0 |a i  
182 0 |a b 
200 1 |a Управление в социально-экономически системах: оптимальность или нарратив?  |d Management in socio-economic systems: narrative vs optimality  |f О. А. Шабалина [и др.] 
203 |a Текст  |c электронный 
225 1 |a Информационные технологии в экономике и управлении 
230 |a 1 компьютерный файл (pdf; 388 Kb) 
300 |a Заглавие с титульного экрана 
320 |a [Библиогр.: с. 438 (6 назв.)] 
330 |a This paper considers essential properties of socio-economic systems determining the possible principles of such systems management. It is shown that optimization models for socio-economic systems management do not take consider qualitative changes in the system and its environment, though it can fundamentally change the very idea of optimality as a method of the system management. A different narrative-based principle of management is proposed, which allows to take into account the qualitative changes of the system ensuring its existence in the future. 
461 1 |0 (RuTPU)RU\TPU\conf\25267  |t Информационные технологии в науке, управлении, социальной сфере и медицине  |o сборник научных трудов IV Международной научной конференции, 5-8 декабря 2017 г., Томск  |o в 2 ч.  |f Национальный исследовательский Томский политехнический университет (ТПУ)   |d 2017 
463 1 |0 (RuTPU)RU\TPU\conf\25268  |t Ч. 1  |f Национальный исследовательский Томский политехнический университет (ТПУ) ; ред. кол. О. Г. Берестнева ; А. А. Мицель ; Т. А. Гладкова  |v [С. 435-438]  |d 2017 
510 1 |a Management in socio-economic systems: narrative vs optimality  |z eng 
610 1 |a электронные ресурсы 
610 1 |a социально-экономические системы 
610 1 |a программные комплексы 
610 1 |a городские системы 
610 1 |a методы управления 
610 1 |a нарративные стратегии 
701 1 |a Шабалина  |b О. А. 
701 1 |a Давтян  |b А. Г. 
701 1 |a Садовникова  |b Н. П. 
701 1 |a Парыгин  |b Д. С. 
801 2 |a RU  |b 63413507  |c 20180321  |g RCR 
856 4 |u http://earchive.tpu.ru/handle/11683/46179 
942 |c BK